000 00319nam a2200133 i 4500
001 bg
100 1 _aKORZYŃSKI, M.
245 0 _aDoświadczalna optymalizacja technologii /
_cM. Korzyński.
260 _aRzeszów,
_c1991.
040 _cBPK
041 _apol
942 _cKS
008 s pl f |000 0 pol
999 _c4524
_d4524
856 _uhttp://koha.tu.koszalin.pl/cgi-bin/koha/opac-detail.pl?biblionumber=4524
_yKatalog online BPK